000 00546nam a2200181Ia 4500
008 090123s9999 xx 000 0 und d
082 _b10188
100 _aकाळे वसंत पुरूषोत्तम
245 _aवलय
250 _a2
260 _bमेहता प्रकाशन
_c1985
300 _a168
600 _aकाळे वसंत पुरूषोत्तम
630 _aवलय
700 _aकाळे वसंत पुरूषोत्तम
730 _aवलय
942 _cBOOK
999 _c48254
_d48254